000 00599nam a2200193Ia 4500
003 GCL
008 140319s9999 xx 000 0 ara d
040 _aGCL /
_cGCL
082 0 4 _aد
_b050
_bش م
100 1 _aمجموعة شركات شل فى مصر
245 1 0 _aشل /
_cمجموعة شركات شل فى مصر
260 _a[S.N] :
_bمجموعة شركات شل فى مصر
300 _a169
490 _aسلسلة كتيبات ابن خلدون للدراسات الانمائي
_v0
650 0 4 _aالادب
650 0 4 _aالثقافة
650 0 4 _aالفنون
942 _2ddc
_cCF
999 _c27050
_d27050